| 000 | 005750000a22001810004500 | ||
|---|---|---|---|
| 003 | MACL | ||
| 005 | 20160528113809.0 | ||
| 008 | 160528b xxu||||| |||| 00| 0 eng d | ||
| 040 |
_aMACL _cMACL |
||
| 041 | _aHindi | ||
| 082 | _a891.433 KOH | ||
| 100 |
_aकोहली, नरेन्द्र _944378 |
||
| 245 |
_aअभिज्ञान _cनरेन्द्र कोहली |
||
| 260 |
_bराजपाल एण्ड सन्ज _c2002 _aनई दिल्ली |
||
| 350 | _a75 | ||
| 650 |
_aNovel _960418 |
||
| 942 |
_cHIN _k800/KOH/N _2ddc |
||
| 999 |
_c9938 _d9938 |
||